000 00200 a2200097 4500
020 _a9788474444476
041 _aspa
100 _aLaurent Brunhoff
245 _aConoce a Babar y su familia
942 _cK
999 _c28786
_d28786